00315nam a2200121Ia 4500008004100000041000800041082001500049100001700064245004400081260004700125300001300172365000800185240624s9999 xx 000 0 und d aeng a368.01 TSE aTSE YIU KUEN aNONLIFE ACTUARIAL MODELS THEORY METHODS c2009aNew YorkbCambridge University Press a540 : p. cBPS